LEADER 01323nam a2200301 u 4500 001 000000011130 003 CaOOAMICUS 005 20240429121318.0 008 940516s1989 gw u000 u ger u 020 $a3-525-53832-4 032 $aLibriCat 035 $a10274156 040 $aPUL$bita 100 1 $aLeutzsch, Martin,$d1956-$0(OLS)http://pul/name/10778 245 14$aDie Wahrnehmung sozialer Wirklichkeit im "Hirten des Hermas" /$cMartin Leutzsch. 260 $aGöttingen :$bVandenhoeck & Ruprecht,$c1989. 300 $a286 p. ;$c24 cm 490 1 $aForschungen zur Religion und Literatur des Alten und Neuen Testaments ;$vHft. 150 600 04$aHermas,$dsec. II.$0(OLS)http://pul/subject/7389 830 0$aForschungen zur Religion und Literatur des Alten und Neuen Testaments ;$vHft. 150.$0(OLS)http://pul/title/15482 850 $aPUL 852 $aPUL$W1$xSL Religione 1$y3$m10(5) A 150$j15760$nBK-PRI$b $qStampati$B15760$CPULBib$Z2$F15760 $H $81 941 1 $a8 961 $aINV: 77028 996 $6020$a3-525-53832-4$9(OLS)http://pul/number/14243 996 $6245$aDie Wahrnehmung sozialer Wirklichkeit im "Hirten des Hermas"$9(OLS)http://pul/title/16176 996 $6260$aGöttingen :$bVandenhoeck & Ruprecht$9(OLS)http://pul/publisher/47973 LEADER 01276nam a2200313 u 4500 001 000000052789 003 CaOOAMICUS 005 20070420091347.0 008 001025s2000 it u000 u ita u 035 $a10859425 040 $aPUL$bita 041 0 $aita$aeng 100 1 $aCoda, Piero,$csacerdote,$d1955-$0(OLS)http://pul/name/12631 245 10$aInterpretazioni del reale :$bteologia, filosofia e scienze del dialogo /$cPiero Coda, Roberto Presilla. 260 $aRoma :$bMursia,$c2000. 300 $a196 p. ;$c23 cm 490 1 $aQuaderni Sefir ;$v 1 500 $aScritto sul dorso: Quaderni Sefir, 1. 504 $aBibliografia in nota. 650 4$aRealismo.$0(OLS)http://pul/subject/13832 650 4$aTeologia.$0(OLS)http://pul/subject/118 700 1 $aPresilla, Roberto.$0(OLS)http://pul/name/37615 830 0$aQuaderni Sefir ;$v 1.$0(OLS)http://pul/title/101693 850 $aPUL 852 $aPUL$W1$xSL Religione 1$y3$m58 C 114.1$j69729$nBK-PRI$b $qStampati$B69729$CPULBib$Z2$F69729 $H $81 941 1 $a8 961 $aINV: 82794 996 $6245$aInterpretazioni del reale :$bteologia, filosofia e scienze del dialogo$9(OLS)http://pul/title/70791 996 $6260$aRoma :$bMursia$9(OLS)http://pul/publisher/68377